|
|
|
|
| LEADER |
01994nam a2200409 a 4500 |
| 001 |
EBC3019807 |
| 003 |
MiAaPQ |
| 005 |
20200520144314.0 |
| 006 |
m o d | |
| 007 |
cr cn||||||||| |
| 008 |
091112s2010 nyu sb 001 0 eng d |
| 010 |
|
|
|z 2009046472
|
| 020 |
|
|
|z 9781608768172 (softcover)
|
| 020 |
|
|
|a 9781613245620 (electronic bk.)
|
| 035 |
|
|
|a (MiAaPQ)EBC3019807
|
| 035 |
|
|
|a (Au-PeEL)EBL3019807
|
| 035 |
|
|
|a (CaPaEBR)ebr10671372
|
| 035 |
|
|
|a (OCoLC)741614081
|
| 040 |
|
|
|a MiAaPQ
|c MiAaPQ
|d MiAaPQ
|
| 043 |
|
|
|a e------
|
| 050 |
|
4 |
|a HB3722
|b .E97 2010
|
| 082 |
0 |
4 |
|a 330.94
|2 22
|
| 245 |
0 |
0 |
|a European response to the financial crisis
|h [electronic resource] /
|c Baron L. Whitley, editor.
|
| 260 |
|
|
|a New York :
|b Nova Science Publishers,
|c c2010.
|
| 300 |
|
|
|a x, 119 p.
|
| 490 |
1 |
|
|a European political, economic and security issues
|
| 504 |
|
|
|a Includes bibliographical references and index.
|
| 505 |
0 |
|
|a Communication from the Commission to the European Council : a European economic recovery plan / (Commission of the European Communities) -- The financial crisis : impact on and response by the European Union / James K. Jackson -- The U.S. financial crisis : lessons from Sweden / James K. Jackson -- Iceland's financial crisis / James K. Jackson -- The U.S. financial crisis : the response by Switzerland / James K. Jackson.
|
| 533 |
|
|
|a Electronic reproduction. Ann Arbor, MI : ProQuest, 2015. Available via World Wide Web. Access may be limited to ProQuest affiliated libraries.
|
| 650 |
|
0 |
|a Financial crises
|z European Union countries.
|
| 650 |
|
0 |
|a Financial crises
|x Government policy
|z European Union countries.
|
| 651 |
|
0 |
|a European Union countries
|x Economic policy.
|
| 655 |
|
4 |
|a Electronic books.
|
| 700 |
1 |
|
|a Whitley, Baron L.
|
| 710 |
2 |
|
|a ProQuest (Firm)
|
| 830 |
|
0 |
|a European political, economic and security issues series.
|
| 856 |
4 |
0 |
|u https://ebookcentral.proquest.com/lib/matrademy/detail.action?docID=3019807
|z Click to View
|